[Event "Challenge"]
[Site "http://www.queenalice.com/game.php?id=73233"]
[Date "2006.5.31"]
[Round "-"]
[White "eliasdiniz"]
[Black "Baruch11"]
[Result "0-1"]
[WhiteElo "1722"]
[BlackElo "1516"]

1. f4 d5 2. Nf3 e6 3. e3 Nf6 4. b3 Nbd7 5. Bb2 Ne4 6. d3 Nec5 7. Be2 c6 8. O-O
Bd6 9. Bxg7 Rg8 10. Bh6 Qb6 11. d4 Ne4 12. Nbd2 Nxd2 13. Qxd2 Nf6 14. Bd3 c5 15.
c3 Bd7 16. Ne5 cxd4 17. cxd4 Bxe5 18. fxe5 Ng4 19. Bxh7 Rh8 20. Qe2 Nxh6 21. Qh5
Rxh7 22. Rf6 O-O-O 23. Rxh6 Rxh6 24. Qxh6 Qa5 25. Rc1+ Kb8 26. Qf6 Be8 27. h4
Rc8 28. Rxc8+ Kxc8 29. Qe7 Bc6 30. Qf8+ Kc7 31. Qxf7+ Kb6 32. Qxe6 Qe1+ 33. Kh2
Qxh4+ 34. Qh3 Qf2 35. a4 Qc2 36. e6 Qxb3 37. e7 Qxa4 38. Qe6 Ka5 39. e8=Q Bxe8
40. Qxd5+ Ka6 41. Qe6+ Qc6 42. Qa2+ Kb6 43. Qb3+ Kc7 44. d5 Qd6+ 45. Kh3 Bf7 46.
Qc4+ Kb8 47. e4 Be8 48. Qd4 Bd7+ 49. g4 Qf4 50. Qh8+ Bc8 51. e5 Qxg4+ 52. Kh2
Qe2+ 53. Kg3 Qd3+ 0-1

[Event "Membro Xadrez o Esporte da Mente"]
[Site "http://www.queenalice.com/game.php?id=74477"]
[Date "2006.6.5"]
[Round "-"]
[White "Baruch11"]
[Black "eagacunha"]
[Result "0-1"]
[WhiteElo "1500"]
[BlackElo "2054"]

1. d4 Nf6 2. c3 d5 3. Nd2 c5 4. Ngf3 Nc6 5. e3 Bf5 6. Bb5 Qb6 7. Qa4 a6 8. Bxc6+
bxc6 9. Ne5 cxd4 10. Qxd4 c5 11. Qa4+ Qb5 12. Qxb5+ axb5 13. O-O e6 14. Re1 Bd6
15. Nef3 e5 16. e4 Nxe4 17. h3 Nxd2 18. Bxd2 f6 19. g4 Bd3 20. g5 O-O 21. gxf6
Rxf6 22. Nxe5 Be4 23. Ng4 Rg6 24. Kf1 Bd3+ 25. Kg1 h5 26. f3 hxg4 27. fxg4 c4
28. g5 Bc5+ 29. Kg2 Rf8 30. Be3 Rxg5+ 31. Bxg5 Be4+ 32. Rxe4 Rf2+ 33. Kg3 dxe4
34. Re1 Rxb2 35. Rxe4 Rxa2 36. Re8+ Kf7 37. Rb8 Bd6+ 38. Bf4 Bxb8 39. Bxb8 Ra3
40. Be5 b4 41. Kg4 b3 0-1

[Event "10"]
[Site "http://www.queenalice.com/game.php?id=77078"]
[Date "2006.6.16"]
[Round "-"]
[White "Jsouza"]
[Black "Baruch11"]
[Result "1-0"]
[WhiteElo "1779"]
[BlackElo "1500"]

1. e4 e5 2. Nf3 Nc6 3. Bb5 Nd4 4. Bc4 Nxf3+ 5. Qxf3 Nh6 6. d4 exd4 7. Bxh6 Qf6
8. Qxf6 gxf6 9. Bxf8 Rxf8 10. Nd2 b6 11. Nf3 d6 12. Nxd4 Bb7 13. Bb5+ Kd8 14.
O-O-O Bxe4 15. f3 Bd5 16. a3 Rg8 17. Rhe1 a6 18. Nc6+ Bxc6 19. Bxc6 Rb8 20. Re3
b5 21. Rde1 Rb6 22. Re8+ 1-0

[Event "Game Friend"]
[Site "http://www.queenalice.com/game.php?id=81156"]
[Date "2006.6.29"]
[Round "-"]
[White "MarcosT"]
[Black "Baruch11"]
[Result "1-0"]
[WhiteElo "1645"]
[BlackElo "1593"]

1. e4 e5 2. Nf3 Nc6 3. Bc4 h6 4. a3 Bc5 5. O-O Nge7 6. b4 Bxb4 7. axb4 Nxb4 8.
Nxe5 d5 9. exd5 Nexd5 10. Qf3 Be6 11. Bb3 Qg5 12. d4 Qf5 13. Qxf5 Bxf5 14. Ba3
Bxc2 15. Bxb4 Bxb3 16. Ba3 Nf4 17. Nc3 O-O-O 18. Rab1 Be6 19. g3 Nh3+ 20. Kg2
Rxd4 21. Nxf7 Bxf7 22. Kxh3 Rd3 23. Bb2 Bg6 24. Nb5 Rb3 25. Nxa7+ Kb8 26. Bxg7
Bxb1 27. Nc6+ bxc6 28. Bxh8 c5 29. Rc1 Rb5 30. Bg7 h5 31. Bh6 Be4 32. Be3 h4 33.
Kxh4 Bf3 34. Kg5 c4+ 35. Kf4 Bd5 36. h4 Rb4 37. h5 c3+ 38. Ke5 Bf7 39. h6 Rb5+
40. Kf6 Bb3 41. Rxc3 1-0

[Event "Game Friend 2"]
[Site "http://www.queenalice.com/game.php?id=81157"]
[Date "2006.6.29"]
[Round "-"]
[White "Baruch11"]
[Black "MarcosT"]
[Result "1/2-1/2"]
[WhiteElo "1585"]
[BlackElo "1645"]

1. d4 d5 2. c3 c5 3. g3 Nf6 4. dxc5 e5 5. b4 b6 6. cxb6 axb6 7. Bg5 Be7 8. Nf3
Nbd7 9. Bxf6 Bxf6 10. Qxd5 Rb8 11. Bh3 Bb7 12. Bxd7+ Qxd7 13. Qxd7+ Kxd7 14. O-O
Rhc8 15. Rd1+ Ke6 16. Nbd2 Rxc3 17. a4 Ba6 18. Ne4 Bxe2 19. Nxc3 Bxd1 20. Rxd1
Rc8 21. Nd5 h6 22. Nxb6 Rb8 23. a5 Be7 24. b5 Bc5 25. Nd7 Rxb5 26. Nxc5+ Rxc5
27. a6 Ra5 28. Re1 f6 29. Nd2 Rxa6 30. Ne4 Kf5 31. f3 h5 32. h3 Ra3 33. Nd6+ Ke6
1/2-1/2

[Event "XADREZ"]
[Site "http://www.queenalice.com/game.php?id=81904"]
[Date "2006.7.2"]
[Round "-"]
[White "paulove"]
[Black "Baruch11"]
[Result "1-0"]
[WhiteElo "1677"]
[BlackElo "1637"]

1. c4 d5 2. cxd5 Qxd5 3. Nc3 Qf5 4. e4 Qe6 5. d4 Nf6 6. Qd3 a6 7. Nge2 b5 8. Ng3
g6 9. Be2 Bb7 10. Bf3 b4 11. Nce2 Bg7 12. O-O O-O 13. d5 Qb6 14. Be3 Qd6 15.
Rad1 a5 16. Qd2 Ba6 17. Bf4 Qd8 18. Qc1 h5 19. Qxc7 Nbd7 20. Qxd8 Rfxd8 21. Rfe1
Ng4 22. Bxg4 hxg4 23. Nd4 Bxd4 24. Rxd4 a4 25. Rxb4 Nc5 26. Re3 Rdc8 27. Rc3 e5
28. Bxe5 Nd3 29. Rxc8+ Rxc8 30. Rb8 Nxe5 31. Rxc8+ Bxc8 32. Ne2 Nd3 33. b3 a3
34. Nc3 Kg7 35. Nb5 Nb4 36. Nxa3 Nxa2 37. f3 gxf3 38. gxf3 f6 39. Kf2 g5 40. Kg3
Kf7 41. h4 gxh4+ 42. Kxh4 Ke7 43. Kg3 1-0

[Event "Challenge"]
[Site "http://www.queenalice.com/game.php?id=82109"]
[Date "2006.7.3"]
[Round "-"]
[White "hartto"]
[Black "Baruch11"]
[Result "0-1"]
[WhiteElo "1283"]
[BlackElo "1460"]

1. d4 d5 2. c4 Bf5 3. cxd5 Bxb1 4. Rxb1 Qxd5 5. a3 Nc6 6. Nf3 O-O-O 7. e3 Nf6 8.
Be2 Ne4 9. O-O Qf5 10. Bd3 Qe6 11. Bd2 Nxd2 12. Qxd2 Qh6 13. b4 e6 14. b5 Nb8
15. Rfc1 Bxa3 16. Rxc7+ Kxc7 17. b6+ axb6 18. Qc3+ Bc5 19. dxc5 bxc5 20. Qxc5+
Nc6 21. Bb5 Rd5 22. Qc4 Qg6 23. Nd4 Qxb1+ 24. Qf1 Qxf1+ 25. Kxf1 Nxd4 0-1

[Event "Challenge"]
[Site "http://www.queenalice.com/game.php?id=84368"]
[Date "2006.7.10"]
[Round "-"]
[White "Baruch11"]
[Black "toldowisk"]
[Result "0-1"]
[WhiteElo "1525"]
[BlackElo "1780"]

1. e4 e6 2. e5 d5 3. d4 c5 4. dxc5 Bxc5 5. Qe2 Bd7 6. Nh3 Qb6 7. Ng5 f6 8. exf6
Nxf6 9. b3 O-O 10. Bb2 h6 11. Nf3 Ne4 12. Nbd2 Bxf2+ 13. Kd1 Bc5 14. Nxe4 dxe4
15. Qxe4 Bb5 16. Bxb5 Qxb5 17. Qxe6+ Kh7 18. c4 Rd8+ 19. Kc1 Qc6 20. Qf5+ Kg8
21. Rf1 Na6 22. Ne5 Qxg2 23. Qf7+ Kh7 24. Qf5+ Kg8 25. Qf7+ Kh7 26. Ng6 Be3+ 0-1

[Event "Let's Play Chess!"]
[Site "http://www.queenalice.com/game.php?id=92955"]
[Date "2006.8.5"]
[Round "-"]
[White "Baruch11"]
[Black "cislau"]
[Result "1-0"]
[WhiteElo "1514"]
[BlackElo "1569"]

1. d4 c5 2. d5 d6 3. c4 Bf5 4. Nc3 h6 5. Qa4+ Nd7 6. Bd2 Nf6 7. Nb5 a6 8. Nc3 e6
9. dxe6 fxe6 10. g3 Be4 11. Nxe4 Nxe4 12. Ba5 Qf6 13. f4 Qxb2 14. Rd1 b6 15. Bg2
bxa5 16. Bxe4 Qc3+ 17. Kf1 Rb8 18. Bc6 Rd8 19. Nf3 Be7 20. Rb1 Bf6 21. Bxd7+
Rxd7 22. Rb7 Qc1+ 23. Kg2 Qe3 24. Qxd7+ Kf8 25. Qf7# 1-0

[Event "Let's Play Chess!"]
[Site "http://www.queenalice.com/game.php?id=96042"]
[Date "2006.8.15"]
[Round "-"]
[White "Baruch11"]
[Black "cislau"]
[Result "0-1"]
[WhiteElo "1526"]
[BlackElo "1645"]

1. e4 e5 2. Nf3 Qf6 3. g3 Bc5 4. Nc3 g5 5. Nd5 Qc6 6. Bb5 Qd6 7. Nxg5 c6 8. Qf3
Nf6 9. Nxf6+ Ke7 10. Bc4 Qxf6 11. Qxf6+ Kxf6 12. Nxf7 Rf8 13. Nh6 Kg6 14. Ng4 d6
15. O-O Bxg4 16. Kg2 Bf3+ 17. Kg1 Bxe4 18. c3 Nd7 19. b4 d5 20. Be2 Bb6 21. d3
Bf5 22. g4 Bxg4 23. Bxg4 Rf7 24. Bxd7 Rxd7 25. Re1 Rf8 26. Re2 Rdf7 27. Be3 d4
28. cxd4 Bxd4 29. Bxd4 exd4 30. a4 b6 31. Rc1 Rf6 32. Rc4 c5 33. bxc5 bxc5 34.
Rxc5 Kh6 35. Rd5 Rg6+ 36. Kf1 Rfg8 37. Ke1 Rg1+ 38. Kd2 Rc8 39. Rxd4 Rc6 40.
Rh4+ Kg5 41. Rd4 Rgc1 42. Re7 R6c2+ 43. Ke3 Re1+ 44. Kf3 Rxe7 45. h4+ Kf5 46.
Rf4+ Ke5 47. Re4+ Kd6 48. Rd4+ Ke6 49. Kg4 Kf6 50. f4 Rg7+ 51. Kf3 Ke6 0-1

[Event "Let's Play Chess!"]
[Site "http://www.queenalice.com/game.php?id=96051"]
[Date "2006.8.15"]
[Round "-"]
[White "Baruch11"]
[Black "cislau"]
[Result "0-1"]
[WhiteElo "1544"]
[BlackElo "1633"]

1. d4 c5 2. c3 d6 3. e3 Nf6 4. g3 Ne4 5. dxc5 e5 6. Qa4+ Nd7 7. Qxe4 Nxc5 8. Qf3
Be6 9. b4 Nd7 10. Qxb7 Nf6 11. Bg2 d5 12. Qb5+ Ke7 13. Nf3 a6 14. Qa4 Bd7 15.
Qd1 e4 16. Ng5 h6 17. Nh3 g5 18. Ba3 Bb5 19. Bf1 Qd7 20. Bxb5 axb5 21. Bb2 Bg7
22. Ng1 Ng4 23. Qd2 Rac8 24. h3 Ne5 25. Kf1 Nd3 26. g4 Rc6 27. f3 Rhc8 28. Na3
Bxc3 29. Bxc3 Rxc3 30. Ne2 Rxa3 31. Nd4 Rac3 32. Nf5+ Ke6 33. Ng7+ Kf6 34. Nh5+
Kg6 35. fxe4 dxe4 36. Ng3 R8c4 37. a3 Qc6 38. Ne2 Qf6+ 39. Nf4+ gxf4 40. exf4 e3
41. f5+ Kg7 42. Qxe3 Rf4+ 43. Kg2 Rc2+ 44. Kg3 Qd6 45. Kh4 Qf6+ 46. Kg3 Qd4 47.
Qxd4+ Rxd4 48. Rhd1 Rc3 49. Kh4 Re4 50. Rf1 Nf4 51. Rf2 Rxh3# 0-1

[Event "Challenge"]
[Site "http://www.queenalice.com/game.php?id=97174"]
[Date "2006.8.18"]
[Round "-"]
[White "tatinha"]
[Black "Baruch11"]
[Result "0-1"]
[WhiteElo "838"]
[BlackElo "1510"]

1. e4 e5 2. Nc3 Nf6 3. Be2 b6 4. Nf3 Bd6 5. Ng5 h6 6. Nf3 Bb7 7. O-O Nxe4 8. d3
Nxc3 9. bxc3 Qf6 10. d4 exd4 11. cxd4 Bxf3 12. Bxf3 c6 13. Qe1+ Qe7 14. Be3 O-O
15. Bg4 Na6 16. d5 c5 17. Qc3 Be5 0-1

[Event "Challenge"]
[Site "http://www.queenalice.com/game.php?id=97176"]
[Date "2006.8.18"]
[Round "-"]
[White "marcosweck"]
[Black "Baruch11"]
[Result "1-0"]
[WhiteElo "1668"]
[BlackElo "1562"]

1. e4 e5 2. Nf3 Bc5 3. Bc4 Qf6 4. d3 h6 5. b3 Nc6 6. Bb2 d6 7. h3 Qg6 8. Nh4 Qf6
9. Qf3 Bd4 10. c3 Qxf3 11. Nxf3 Bc5 12. b4 Bxb4 13. cxb4 Nxb4 14. Na3 Nxd3+ 15.
Bxd3 Nf6 16. Nxe5 dxe5 17. Bxe5 O-O 18. Bxc7 Re8 19. f3 Re7 20. Rc1 Ne8 21. Bh2
Be6 22. Bc4 Rc8 23. O-O Rec7 24. Bxc7 Rxc7 25. Bxe6 1-0